[Event "SG Schwäbisch Gmünd 1 - SC Weiler im Allgäu 1"]
[Site "Oberliga 2019/2020"]
[Date "2019.12.01"]
[Time "10:00:00"]
[Round "4"]
[White "Henrichs, Thomas"]
[Black "Petrova, Kristyna"]
[WhiteElo "2386"]
[BlackElo "2235"]
[WhiteTeam "SC Weiler im Allgäu 1"]
[BlackTeam "SG Schwäbisch Gmünd 1"]
[Board "1"]
[Result "1-0"]

1.c4 e5 2.Nc3 Nf6 3.Nf3 Nc6 4.e3 Bb4 5.Qc2 Bxc3 6.bxc3 d6 7.e4
Nh5 8.g3 Qf6 9.Bg2 Bh3 10.O-O Bxg2 11.Kxg2 g5 12.Rb1 Rb8 13.Qa4
O-O 14.d3 h6 15.Be3 a6 16.h4 Qg6 17.hxg5 hxg5 18.Rh1 f5 19.exf5
Rxf5 20.Qd1 Nf6 21.Nd2 e4 22.dxe4 Ra5 23.c5 Kg7 24.cxd6 cxd6
25.Rb6 Rb5 26.Rxb5 axb5 27.Qb1 Ng4 28.Bb6 Ra8 29.Nf3 Nge5 30.Nd4
Nxd4 31.Bxd4 g4 32.Rh4 Rh8 33.Rxh8 Kxh8 34.c4 b4 35.c5 Kh7 36.Bxe5
dxe5 37.Qxb4 Qf7 38.Kg1 Kh6 39.Qd2+ Kh5 40.Qd6 1-0

[Event "SG Schwäbisch Gmünd 1 - SC Weiler im Allgäu 1"]
[Site "Oberliga 2019/2020"]
[Date "2019.12.01"]
[Time "10:00:00"]
[Round "4"]
[White "Jurek, Josef"]
[Black "Kessler, Luca"]
[WhiteElo "2232"]
[BlackElo "2450"]
[WhiteTeam "SG Schwäbisch Gmünd 1"]
[BlackTeam "SC Weiler im Allgäu 1"]
[Board "2"]
[Result "1/2-1/2"]

1.Nf3 Nf6 2.g3 d5 3.Bg2 c6 4.b3 Bf5 5.Bb2 e6 6.O-O h6 7.d3 Be7
8.Nbd2 O-O 9.c4 a5 10.a3 Nbd7 11.Qc2 Bh7 12.Bc3 Qb6 13.Qb2 Rfe8
14.b4 axb4 15.axb4 Bf8 16.Rfb1 Rxa1 17.Qxa1 {(=)} Ng4 18.Bd4
Qc7 19.h3 Ngf6 20.Ne5 Qb8 21.e4 dxe4 22.dxe4 c5 23.Nxd7 Nxd7
24.bxc5 Bxc5 25.Rb5 Bxd4 26.Qxd4 Rd8 27.Qb2 b6 28.Kh2 Qc7 29.Qb4
Bg6 30.Qe7 Qc8 31.Nb3 Kh7 32.c5 Nxc5 33.Nxc5 bxc5 34.Rxc5 Qd7
35.Qxd7 Rxd7 36.Rc2 Rd4 37.Re2 e5 38.Bf3 f6 39.h4 h5 40.Bg2 Kh6
41.f3 Bf7 42.Kg1 Bb3 43.Kf2 Rc4 44.Rd2 Rc2 1/2-1/2

[Event "SG Schwäbisch Gmünd 1 - SC Weiler im Allgäu 1"]
[Site "Oberliga 2019/2020"]
[Date "2019.12.01"]
[Time "10:00:00"]
[Round "4"]
[White "Tuncer, Ufuk"]
[Black "Weiss, Andreas"]
[WhiteElo "2321"]
[BlackElo "2163"]
[WhiteTeam "SC Weiler im Allgäu 1"]
[BlackTeam "SG Schwäbisch Gmünd 1"]
[Board "3"]
[Result "0-1"]

1.e4 c5 2.Nc3 e6 3.Nf3 a6 4.d4 cxd4 5.Nxd4 Qc7 6.Bd3 Nf6 7.O-O
d6 8.a4 b6 9.f4 Bb7 10.Kh1 Nbd7 11.f5 e5 12.Nb3 h6 13.Qe2 Be7
14.Bd2 O-O 15.Rae1 Rfe8 16.Bc1 Qc6 17.Bc4 Rec8 18.Bd5 Qc7 19.Bxb7
Qxb7 20.Rf3 Rab8 21.Rg3 Kh7 22.Qe3 Bf8 23.Qd3 b5 24.axb5 axb5
25.Nd2 Qc6 26.b4 Nb6 27.Nf1 Qc4 28.Qf3 Qxb4 29.Bd2 Qb2 30.Qd3
b4 31.Rb1 Qa3 32.Rb3 Qa5 33.Nd1 Na4 34.Rh3 Nc5 35.Qc4 Nxb3 36.Qxf7
Kh8 37.Bxh6 gxh6 38.Qxf6+ Bg7 39.Rxh6+ Kg8 40.Qe6+ Kf8 41.f6
Bxh6 42.Qe7+ Kg8 43.f7+ Kh8 44.Qe6 Kh7 45.Ng3 Nd4 46.Qe7 Rf8
47.Nh5 Qa1 48.Nf6+ Kh8 0-1

[Event "SG Schwäbisch Gmünd 1 - SC Weiler im Allgäu 1"]
[Site "Oberliga 2019/2020"]
[Date "2019.12.01"]
[Time "10:00:00"]
[Round "4"]
[White "Denisow, Jewgeny"]
[Black "Wunder, Niklas"]
[WhiteElo "2131"]
[BlackElo "2055"]
[WhiteTeam "SG Schwäbisch Gmünd 1"]
[BlackTeam "SC Weiler im Allgäu 1"]
[Board "4"]
[Result "1-0"]

1.d4 d5 2.c4 c6 3.e3 Nf6 4.Nf3 e6 5.Bd3 dxc4 6.Bxc4 b5 7.Bd3
Bb7 8.O-O Nbd7 9.e4 a6 10.e5 Nd5 11.Ng5 g6 12.Qf3 Qe7 13.Ne4
Qb4 14.Ng5 Qe7 15.Nc3 Bg7 16.Nce4 O-O 17.Nd6 f6 18.Nxh7 fxe5
19.Qh3 Qxd6 20.Ng5 Rf6 21.Bxg6 exd4 22.Qh7+ Kf8 23.Ne4 Qe5 24.f4
Qc7 25.f5 Ne3 26.Bxe3 dxe3 27.fxe6 Qe5 28.exd7 Rf4 29.Rxf4+ Qxf4
30.Rf1 1-0

[Event "SG Schwäbisch Gmünd 1 - SC Weiler im Allgäu 1"]
[Site "Oberliga 2019/2020"]
[Date "2019.12.01"]
[Time "10:00:00"]
[Round "4"]
[White "Srba, Milan"]
[Black "Hönick, Andreas"]
[WhiteElo "2169"]
[BlackElo "2102"]
[WhiteTeam "SC Weiler im Allgäu 1"]
[BlackTeam "SG Schwäbisch Gmünd 1"]
[Board "5"]
[Result "0-1"]

1.e4 c5 2.Nf3 Nc6 3.d4 cxd4 4.Nxd4 Nf6 5.Nc3 d6 6.Bg5 e6 7.Qd2
a6 8.f3 Bd7 9.O-O-O Be7 10.h4 h6 11.Be3 b5 12.Nxc6 Bxc6 13.Qf2
b4 14.Ne2 Qc7 15.Nd4 Bd7 16.g4 d5 17.Bh3 e5 18.g5 exd4 19.gxf6
dxe3 20.fxg7 Rg8 21.Bxd7+ Qxd7 22.Qxe3 Qe6 23.Rxd5 Rxg7 24.Qd4
Qf6 25.Qe3 Rd8 26.Rf5 Qd6 27.b3 Rg2 28.Rd5 Qc6 29.Qd3 Rc8 30.Qc4 0-1

[Event "SG Schwäbisch Gmünd 1 - SC Weiler im Allgäu 1"]
[Site "Oberliga 2019/2020"]
[Date "2019.12.01"]
[Time "10:00:00"]
[Round "4"]
[White "Pohl, Walter"]
[Black "Wunder, Fabian"]
[WhiteElo "2040"]
[BlackElo "2032"]
[WhiteTeam "SG Schwäbisch Gmünd 1"]
[BlackTeam "SC Weiler im Allgäu 1"]
[Board "6"]
[Result "1-0"]

1.e4 d6 2.d4 Nf6 3.Nc3 c6 4.Bg5 Nbd7 5.a4 Qa5 6.Qd2 e5 7.d5 Be7
8.f4 cxd5 9.exd5 h6 10.fxe5 Nxe5 11.Bb5+ Bd7 12.Bxd7+ Nfxd7 13.Bxe7
Kxe7 14.Nge2 Rhd8 15.O-O Kf8 16.Nd4 a6 17.Ne6+ Kg8 18.Nxd8 Rxd8
19.Qd4 Rc8 20.Rad1 Rc4 21.Qe3 Nf6 22.h3 Qb4 23.Rb1 Qa5 24.Rxf6
gxf6 25.Rf1 Kg7 26.Qg3+ Ng6 27.Qxd6 Qc5+ 28.Qxc5 Rxc5 29.Rd1
Ne5 30.d6 Nd7 31.Rd5 Rc6 32.g4 Rc5 33.Kf2 Rc8 34.a5 Re8 35.Na4
Re5 36.Nb6 Nxb6 37.Rxe5 fxe5 38.axb6 Kf6 39.c4 Ke6 40.c5 Kd7
41.Ke3 f6 42.Ke4 Kc6 43.Kf5 Kd7 44.b4 Kc6 45.h4 Kd7 46.g5 fxg5
47.hxg5 hxg5 48.Kxg5 Ke6 49.Kg4 Kd7 50.Kf5 Kc6 51.Kxe5 Kd7 52.Kd5
Kc8 53.c6 bxc6+ 54.Kxc6 1-0

[Event "SG Schwäbisch Gmünd 1 - SC Weiler im Allgäu 1"]
[Site "Oberliga 2019/2020"]
[Date "2019.12.01"]
[Time "10:00:00"]
[Round "4"]
[White "Hosticka, Frantisek"]
[Black "Reindl, Arno"]
[WhiteElo "2067"]
[BlackElo "1995"]
[WhiteTeam "SC Weiler im Allgäu 1"]
[BlackTeam "SG Schwäbisch Gmünd 1"]
[Board "7"]
[Result "1/2-1/2"]

1.e4 c5 2.Nf3 d6 3.Bb5+ Bd7 4.Bxd7+ Qxd7 5.O-O Nc6 6.c3 Nf6 7.Qe2
g6 8.d4 cxd4 9.cxd4 Bg7 10.Nc3 O-O 11.h3 Rac8 12.Rd1 d5 13.e5
Ne8 14.Be3 f6 15.Rac1 Nc7 16.exf6 exf6 17.Qd2 b6 18.Bh6 Na5 19.b3
Nb5 20.Nxb5 Qxb5 21.Bxg7 Kxg7 22.Qf4 Qd7 23.Nh2 Rxc1 24.Rxc1
Rc8 25.Rxc8 Qxc8 26.Ng4 Qd8 27.h4 Nc6 28.Qh6+ Kg8 29.h5 Qf8 30.Qf4
f5 31.hxg6 hxg6 32.Ne5 Qf6 33.Nf3 Qe7 34.Qh6 Qg7 35.Qh4 Qe7 36.Qh6
Qg7 37.Qf4 Qe7 38.Qc1 Qf6 39.Qd2 Qe6 40.Qg5 Kg7 41.Qc1 Qf6 42.Qc3
Qd6 43.Kf1 Kf6 44.Qe3 Qe7 45.Qh6 Qg7 46.Qh2 Ke6 47.Qf4 Kd7 48.g3
Ke6 49.Kg2 Qf6 50.a3 Qg7 51.b4 a6 52.Qc1 Kd6 53.Qc3 g5 54.Qd3
g4 55.Nh4 Nxd4 56.Qxa6 Kc6 57.Qd3 Qe5 58.Qc3+ Kb5 59.Qd3+ Kc6
60.Qc3+ Kb5 61.Qd3+ Kc6 1/2-1/2

[Event "SG Schwäbisch Gmünd 1 - SC Weiler im Allgäu 1"]
[Site "Oberliga 2019/2020"]
[Date "2019.12.01"]
[Time "10:00:00"]
[Round "4"]
[White "Bader, Gerd"]
[Black "Gregor, Jiri"]
[WhiteElo "2000"]
[BlackElo "2185"]
[WhiteTeam "SG Schwäbisch Gmünd 1"]
[BlackTeam "SC Weiler im Allgäu 1"]
[Board "8"]
[Result "0-1"]

1.e4 c6 2.d3 d5 3.Nd2 e5 4.Ngf3 Bd6 5.d4 exd4 6.exd5 Ne7 7.Nxd4
O-O 8.Be2 cxd5 9.O-O Nbc6 10.N2f3 Bg4 11.h3 Bh5 12.c3 Re8 13.Re1
Qd7 14.Be3 f6 15.Nh4 Bxe2 16.Rxe2 Rad8 17.Qd2 Ne5 18.b3 Bb8 19.Nhf3
Nc8 20.Rae1 Nd6 21.Qd1 Ne4 22.Rc2 Rc8 23.Bd2 a6 24.Re2 b5 25.Be1
Ng6 26.Bd2 Re7 27.Qe1 Ba7 28.Be3 h6 29.Rc1 Bb8 30.Rcc2 Qc7 31.Bd2
Qd7 32.Be3 Rce8 33.Qc1 Ne5 34.Qd1 Ng6 35.Qc1 f5 36.Bd2 Ba7 37.Qd1
Rc8 38.Be1 Nf4 39.Re3 g6 40.Kh2 Rce8 41.Ng1 Qd6 42.g3 Nxg3 43.fxg3
Rxe3 44.Bf2 Bxd4 45.cxd4 Nh5 46.Bxe3 Qxg3+ 47.Kh1 Qxe3 48.Re2
Ng3+ 0-1

[Event "SK Bebenhausen 1 - TSV Schönaich 2"]
[Site "Oberliga 2019/2020"]
[Date "2019.12.01"]
[Time "10:00:00"]
[Round "4"]
[White "Kölle, Tobias"]
[Black "Braun, Georg"]
[WhiteElo "2263"]
[BlackElo "2295"]
[WhiteTeam "TSV Schönaich 2"]
[BlackTeam "SK Bebenhausen 1"]
[Board "1"]
[Result "1/2-1/2"]

1.d4 Nf6 2.c4 e6 3.Nc3 Bb4 4.Nf3 d5 5.cxd5 exd5 6.Bg5 h6 7.Bh4
O-O 8.e3 Bf5 9.Bd3 Bxd3 10.Qxd3 Nbd7 11.O-O c6 12.Ne5 Qc7 13.Nxd7
Nxd7 14.Rac1 Qd6 15.a3 Bxc3 16.Rxc3 a5 17.Qf5 a4 18.Bg3 Qe6 19.Qxe6
fxe6 20.h3 Ra5 21.b3 Rfa8 22.bxa4 Rxa4 23.Rb1 R8a7 24.Bd6 Kf7 1/2-1/2

[Event "SK Bebenhausen 1 - TSV Schönaich 2"]
[Site "Oberliga 2019/2020"]
[Date "2019.12.01"]
[Time "10:00:00"]
[Round "4"]
[White "Stoll, Ferdinand"]
[Black "Tica, Sven"]
[WhiteElo "2209"]
[BlackElo "2389"]
[WhiteTeam "SK Bebenhausen 1"]
[BlackTeam "TSV Schönaich 2"]
[Board "2"]
[Result "0-1"]

1.c4 e6 2.g3 d5 3.Bg2 Nf6 4.Nf3 Be7 5.O-O O-O 6.d4 dxc4 7.Qc2
b5 8.a4 b4 9.Qxc4 Ba6 10.Qc2 Nbd7 11.Ne5 Nxe5 12.dxe5 Nd5 13.Rd1
Qc8 14.b3 c5 15.e4 Nb6 16.a5 Nd7 17.Bb2 Qc7 18.f4 c4 19.bxc4
Nc5 20.Nd2 Rac8 21.Nf1 Rfd8 22.Bd4 Rd7 23.Ne3 Rcd8 24.Nd5 exd5
25.exd5 Ne6 26.dxe6 Rxd4 27.exf7+ Kh8 28.Rxd4 Rxd4 29.Qa4 Rd8
30.Qe8+ Bf8 31.Bd5 Qc8 32.Qc6 Qxc6 33.Bxc6 Bxc4 0-1

[Event "SK Bebenhausen 1 - TSV Schönaich 2"]
[Site "Oberliga 2019/2020"]
[Date "2019.12.01"]
[Time "10:00:00"]
[Round "4"]
[White "Richter, Nils"]
[Black "Bräuning, Rudolf Wilhelm"]
[WhiteElo "2219"]
[BlackElo "2246"]
[WhiteTeam "TSV Schönaich 2"]
[BlackTeam "SK Bebenhausen 1"]
[Board "3"]
[Result "1/2-1/2"]

1.e4 e5 2.Nf3 Nc6 3.Bb5 a6 4.Ba4 Nge7 5.O-O g6 6.d4 exd4 7.Nxd4
Bg7 8.Be3 b5 9.Bb3 Na5 10.c3 Bb7 11.Nd2 d5 12.Bc2 O-O 13.N4b3
Nxb3 14.Nxb3 dxe4 15.Nc5 Bc6 16.Bxe4 Bxe4 17.Nxe4 Qd5 18.Qf3
f5 19.Ng5 Qxf3 20.Nxf3 Nd5 21.Bc5 Rfe8 22.Rad1 c6 23.Rfe1 Bf6
24.Kf1 Kf7 25.Bd4 Rxe1+ 26.Rxe1 Re8 27.Rxe8 Kxe8 28.Bxf6 Nxf6
29.Ne5 c5 30.Nd3 Nd7 31.Ke2 {(=)} Ke7 32.h4 Kd6 33.Ne1 Nb6 34.Kd3
Nc4 35.b3 Ne5+ 36.Ke3 Ng4+ 37.Ke2 Nf6 38.f3 Nd5 39.Kd2 Nf4 40.Ke3
Nd5+ 41.Kd2 c4 42.bxc4 bxc4 43.g3 f4 44.g4 h5 45.gxh5 gxh5 46.Nc2
Ne7 47.Ne1 {(=)} Ke5 48.Ng2 Ng6 49.Ke2 Kf5 50.Kf2 Ne5 51.Ne1
Ke6 52.Ke2 Ng6 53.Ng2 Ke5 54.Ke1 Ne7 55.Ke2 Nd5 56.Kd2 Kd6 57.Kc2
Kc5 58.Kd2 Kb5 59.Kc2 Ka4 60.Kb2 a5 61.a3 Kb5 62.Kc2 Kc5 63.Kd2
Kd6 64.Kc2 Ke5 65.Kd2 Kf5 66.Ne1 Ne7 67.Ng2 Ng6 68.Ke2 Kf6 69.Kf2
Ke5 70.Ke2 Kf5 71.Kf2 Ne5 72.Ne1 Ke6 73.Ke2 Ng6 74.Ng2 Ke5 75.Kd2
Ne7 76.Kd1 Nf5 77.Ke2 Nd6 78.Kd2 Nb5 79.a4 Nd6 80.Ne1 Nb7 81.Nc2
Nc5 82.Nd4 Nxa4 83.Nc6+ Kd5 84.Nxa5 Nc5 85.Ke2 Na4 86.Kd2 Nc5
87.Ke2 Ne6 88.Nb7 Kc6 89.Na5+ Kd5 90.Nb7 Ng7 91.Nd8 Nf5 92.Nf7
Nxh4 93.Ng5 Ng6 94.Ne4 h4 95.Nf6+ Ke6 96.Ne4 Ke5 97.Kf2 Kd5 98.Kg2
Ne5 99.Nd2 Nd3 100.Kh3 Nc1 101.Kxh4 Ne2 102.Ne4 Ke5 103.Kg4 Kd5
104.Kf5 Kc6 105.Ke5 Kb5 106.Kd5 Ng1 107.Nd2 Ne2 108.Ne4 Ng1 109.Nd6+
Ka4 110.Ke4 Ne2 111.Nxc4 Kb3 112.Nb6 Kxc3 113.Nd5+ Kd2 114.Nxf4
Ng1 115.Ne6 Nxf3 116.Kxf3 1/2-1/2

[Event "SK Bebenhausen 1 - TSV Schönaich 2"]
[Site "Oberliga 2019/2020"]
[Date "2019.12.01"]
[Time "10:00:00"]
[Round "4"]
[White "Carstens, Andreas"]
[Black "Buschle, Lukas"]
[WhiteElo "2107"]
[BlackElo "2114"]
[WhiteTeam "SK Bebenhausen 1"]
[BlackTeam "TSV Schönaich 2"]
[Board "4"]
[Result "0-1"]

1.e4 c5 2.Nf3 d6 3.d4 cxd4 4.Nxd4 Nf6 5.Nc3 a6 6.Be2 e5 7.Nb3
Be7 8.O-O O-O 9.a4 Be6 10.Bf3 Qc7 11.Be3 b6 12.a5 b5 13.Nd5 Nxd5
14.exd5 Bf5 15.c3 Nd7 16.Re1 Bg6 17.Bh5 Bxh5 18.Qxh5 Nf6 19.Qd1
h6 20.Qd3 Rac8 21.Rad1 Qc4 22.Nc1 Bd8 23.Ne2 Bxa5 24.Qxc4 bxc4
25.Ra1 Bc7 26.Red1 Rb8 27.Rxa6 Rxb2 28.Ng3 Rb5 29.Rc6 Nxd5 30.Rxc4
Nxe3 31.fxe3 Bb6 32.Kf2 f5 33.Kf3 Bc5 34.Rd2 Kh7 35.h3 Kg6 36.Ke2
Kf6 37.e4 g6 38.Nf1 Ke6 39.Ne3 Bxe3 40.Kxe3 fxe4 41.Rxe4 Rc8
42.c4 Rb3+ 43.Rd3 Rcb8 44.Ke2 Rb2+ 45.Kf1 Rc2 46.Kg1 Rc8 47.Rg3
g5 48.h4 R8xc4 49.Rxc4 Rxc4 50.hxg5 hxg5 51.Rxg5 Rf4 52.g3 Rf8
53.Kg2 d5 54.Rg6+ Kf5 55.Rd6 Ke4 56.g4 d4 57.Kg3 Ke3 58.g5 e4
59.g6 d3 60.Kg4 Ke2 61.g7 Rg8 62.Kf4 Rxg7 63.Kxe4 Re7+ 0-1

[Event "SK Bebenhausen 1 - TSV Schönaich 2"]
[Site "Oberliga 2019/2020"]
[Date "2019.12.01"]
[Time "10:00:00"]
[Round "4"]
[White "Brunner, Jan"]
[Black "Latzke, Boris"]
[WhiteElo "1999"]
[BlackElo "2188"]
[WhiteTeam "TSV Schönaich 2"]
[BlackTeam "SK Bebenhausen 1"]
[Board "5"]
[Result "1/2-1/2"]

1.d4 Nf6 2.c4 e6 3.Nf3 b6 4.g3 Ba6 5.b3 Bb4+ 6.Bd2 Be7 7.Bg2
c6 8.Nc3 d5 9.Ne5 Nfd7 10.Nxd7 Nxd7 11.O-O Rc8 12.e4 dxc4 13.Re1
b5 14.bxc4 b4 15.Na4 Bxc4 16.Qc2 Bb5 17.Be3 O-O 18.Red1 Qa5 19.Nb2
c5 20.d5 exd5 21.Rxd5 Nf6 22.Rdd1 c4 23.e5 c3 24.exf6 cxb2 25.Qxb2
Bxf6 26.Bd4 Bxd4 27.Rxd4 Bc4 28.Bh3 Rc7 29.Rc1 Ba6 30.Rxc7 Qxc7
31.Rxb4 Re8 32.Qb1 g6 33.Bf1 Bxf1 34.Kxf1 {(=)} Qe5 35.Kg1 h5
36.h4 a5 37.Rb5 Qc3 38.Rb8 Rxb8 39.Qxb8+ Kg7 40.Kg2 Qc6+ 41.Kg1
Qc1+ 42.Kg2 Qc6+ 43.Kg1 Qc1+ 1/2-1/2

[Event "SK Bebenhausen 1 - TSV Schönaich 2"]
[Site "Oberliga 2019/2020"]
[Date "2019.12.01"]
[Time "10:00:00"]
[Round "4"]
[White "Wendler, David"]
[Black "Reck, Moritz"]
[WhiteElo "2133"]
[BlackElo "2105"]
[WhiteTeam "SK Bebenhausen 1"]
[BlackTeam "TSV Schönaich 2"]
[Board "6"]
[Result "1-0"]

1.e4 g6 2.d4 Bg7 3.Nc3 d6 4.f4 Nf6 5.Nf3 O-O 6.Be3 b6 7.e5 dxe5
8.dxe5 Ng4 9.Bg1 Bb7 10.Bd3 Na6 11.h3 Nh6 12.Qe2 Qc8 13.g4 f6
14.Bc4+ Nf7 15.Nd5 Kh8 16.e6 Nd6 17.Nxe7 Qe8 18.Bxa6 Bxa6 19.Qxa6
Qxe7 20.Qe2 Rfe8 21.O-O-O Qxe6 22.Qxe6 Rxe6 23.Bh2 Rae8 24.f5
gxf5 25.Nd4 Re4 26.Bxd6 cxd6 27.Nxf5 Bf8 28.Nxd6 Bxd6 29.Rxd6
Kg7 30.Rf1 Re1+ 31.Rxe1 Rxe1+ 32.Kd2 Rh1 33.Rd7+ Kg6 34.Rxa7
Rh2+ 35.Kd3 Rxh3+ 36.Ke4 Rh4 37.Kf3 h5 38.gxh5+ Rxh5 39.Ra6 Rh2
40.Rxb6 Rxc2 41.a4 Kf5 42.a5 Rc5 43.a6 Ra5 44.b4 Ra3+ 45.Kf2
Ke5 46.b5 f5 47.Rb7 Ra2+ 48.Ke1 Ra1+ 49.Kd2 Ra2+ 50.Kc3 f4 51.a7
f3 52.b6 Kd6 53.Rb8 f2 54.Rf8 Kc6 55.Rxf2 Rxf2 56.a8Q+ Kxb6 57.Qd5
Rf1 58.Qb3+ Ka7 59.Qa4+ Kb6 60.Qb4+ Ka7 61.Qa5+ 1-0

[Event "SK Bebenhausen 1 - TSV Schönaich 2"]
[Site "Oberliga 2019/2020"]
[Date "2019.12.01"]
[Time "10:00:00"]
[Round "4"]
[White "Roth, Jürgen Eugen"]
[Black "Steinhart, Christoph"]
[WhiteElo "2115"]
[BlackElo "1985"]
[WhiteTeam "SK Bebenhausen 1"]
[BlackTeam "TSV Schönaich 2"]
[Board "8"]
[Result "1-0"]

1.d4 Nf6 2.Nf3 e6 3.Bg5 c5 4.c3 d5 5.e3 Nbd7 6.Nbd2 Be7 7.Bd3
O-O 8.O-O b6 9.Ne5 Bb7 10.Qf3 Nxe5 11.dxe5 Nd7 12.Qh3 g6 13.Bxe7
Qxe7 14.f4 f6 15.exf6 Rxf6 16.Bb5 Raf8 17.Bxd7 Qxd7 18.Nf3 d4
19.Ne5 Qb5 20.cxd4 cxd4 21.Rac1 Ba6 22.Ng4 Qxb2 23.Nxf6+ Rxf6
24.Rb1 Qd2 25.Rfe1 d3 26.Qf3 Qxa2 27.Ra1 Qc4 28.Rec1 Qb5 29.Qa8+
Rf8 30.Qxa7 Bc8 31.Rc7 Qb2 32.Rd1 Qf6 33.Rxd3 e5 34.Rd6 Qh8 35.Qa2+ 1-0

[Event "SV Jedesheim 1 - SC Böblingen 1"]
[Site "Oberliga 2019/2020"]
[Date "2019.12.01"]
[Time "10:00:00"]
[Round "4"]
[White "Kuklin, Valentin"]
[Black "Pikula, Dejan"]
[WhiteElo "2335"]
[BlackElo "2439"]
[WhiteTeam "SC Böblingen 1"]
[BlackTeam "SV Jedesheim 1"]
[Board "1"]
[Result "1/2-1/2"]

1.e4 c6 2.Nc3 d5 3.Nf3 a6 4.h3 Nf6 5.e5 Ne4 6.Ne2 Qb6 7.d4 e6
8.Nfg1 f6 9.f3 Ng5 10.Ng3 c5 11.Nh5 Qd8 12.exf6 gxf6 13.Ne2 Nc6
14.Be3 cxd4 15.Nxd4 e5 16.Nb3 Be6 17.Qd2 Rg8 18.h4 Nxf3+ 19.gxf3
Bf7 20.Nf4 d4 21.Bg1 Bh6 22.Bh2 Qd6 23.Qe2 Qb4+ 24.Kd1 Bxf4 25.Bxf4
d3 26.Qe3 dxc2+ 27.Kxc2 Bg6+ 28.Kc1 Rc8 29.Bh3 Qc4+ 30.Kd2 Rd8+
31.Ke1 Nb4 32.Bf1 Qxf4 33.Qxf4 exf4 34.Kf2 Bf7 35.Re1+ Kf8 36.Nc5
Bxa2 37.b3 Rd2+ 38.Re2 Rxe2+ 39.Bxe2 Ke7 40.Nxb7 Rb8 41.Nc5 Rc8
42.Rc1 f5 43.Ke1 Rc6 44.Kd2 a5 45.Bb5 Rd6+ 46.Kc3 Rd5 47.Kc4
Kd6 48.Nb7+ Kc7 49.Nxa5 Kb6 50.Kxb4 Rxb5+ 51.Ka3 Rxa5+ 52.Kb2
Bxb3 53.Kxb3 Re5 54.Rc4 Re3+ 55.Kc2 Rxf3 56.Kd2 Kb5 57.Rc7 Re3
58.Rxh7 Kc4 59.h5 Kd5 60.h6 Rh3 61.Ke2 Ke5 62.Rh8 Kf6 63.h7 Kg7
64.Rg8+ Kxh7 65.Rg5 Re3+ 66.Kf2 Re5 67.Kf3 Kh6 68.Kxf4 1/2-1/2

[Event "SV Jedesheim 1 - SC Böblingen 1"]
[Site "Oberliga 2019/2020"]
[Date "2019.12.01"]
[Time "10:00:00"]
[Round "4"]
[White "Beletic, Daniel"]
[Black "Ortmann, David"]
[WhiteElo "2349"]
[BlackElo "2339"]
[WhiteTeam "SV Jedesheim 1"]
[BlackTeam "SC Böblingen 1"]
[Board "2"]
[Result "1/2-1/2"]

1.d4 d5 2.Bf4 Nf6 3.e3 c5 4.c3 Nc6 5.Nd2 Bf5 6.Ngf3 e6 7.Qb3
Qb6 8.Qxb6 axb6 9.Bb5 Nd7 10.Ne5 Ndxe5 11.Bxe5 Rc8 12.O-O f6
13.Bg3 Be7 14.Rfe1 O-O 15.dxc5 bxc5 16.e4 dxe4 17.Nxe4 Rfd8 18.f3
Kf8 19.Rad1 Rxd1 20.Rxd1 Rd8 21.Rxd8+ Nxd8 22.Bc7 Nf7 23.Bd7
Bxe4 24.fxe4 Bd8 25.Bb8 Ke7 26.Bc8 b6 27.Kf2 Nd6 28.Bxd6+ Kxd6 1/2-1/2

[Event "SV Jedesheim 1 - SC Böblingen 1"]
[Site "Oberliga 2019/2020"]
[Date "2019.12.01"]
[Time "10:00:00"]
[Round "4"]
[White "Tran, Thanh Kien"]
[Black "Trussevich, Sergey"]
[WhiteElo "2138"]
[BlackElo "2314"]
[WhiteTeam "SC Böblingen 1"]
[BlackTeam "SV Jedesheim 1"]
[Board "3"]
[Result "1/2-1/2"]

1.d4 Nf6 2.c4 e6 3.Nc3 Bb4 4.f3 d5 5.a3 Be7 6.e4 dxe4 7.fxe4
e5 8.d5 a5 9.Nf3 Ng4 10.Qc2 Bc5 11.Na4 Bf2+ 12.Ke2 Ba7 13.c5
f5 14.Bg5 Nf6 15.Rd1 fxe4 16.Nxe5 O-O 17.Ke1 Qe8 18.Nc4 Bd7 19.Nab6
cxb6 20.cxb6 Bg4 21.Be2 Bxe2 22.Qxe2 Nbd7 23.bxa7 Nc5 24.Bxf6
Rxf6 25.Rf1 Nd3+ 26.Kd2 Nf4 27.Qg4 e3+ 28.Nxe3 Qe4 29.Rxf4 Rxf4
30.Qe6+ Qxe6 31.dxe6 Rd4+ 32.Kc3 Rxd1 33.Nxd1 Rxa7 34.Kd4 Kf8
35.Ke5 Ra6 36.Nc3 Rc6 37.Nd5 Ke8 38.b4 axb4 39.axb4 b5 40.g4
Kd8 41.g5 Ke8 42.h4 h6 43.gxh6 gxh6 44.h5 1/2-1/2

[Event "SV Jedesheim 1 - SC Böblingen 1"]
[Site "Oberliga 2019/2020"]
[Date "2019.12.01"]
[Time "10:00:00"]
[Round "4"]
[White "Anistratov, Dmitriy"]
[Black "Müller, Ralf"]
[WhiteElo "2261"]
[BlackElo "2316"]
[WhiteTeam "SV Jedesheim 1"]
[BlackTeam "SC Böblingen 1"]
[Board "4"]
[Result "1/2-1/2"]

1.Nf3 d5 2.b3 Nf6 3.Bb2 Bf5 4.d3 e6 5.Nbd2 c5 6.Nh4 Nc6 7.Nxf5
exf5 8.g3 Be7 9.Bh3 g6 10.O-O Qa5 11.e4 dxe4 12.Nc4 Qc7 13.dxe4
Rd8 14.Qe2 fxe4 15.f3 Nd4 16.Bxd4 cxd4 17.fxe4 O-O 18.a4 Nd7
19.Bxd7 Rxd7 20.e5 Bc5 21.Qd3 Re8 22.Rf4 Bf8 23.Re1 b6 24.Rfe4
Re6 25.Kg2 a6 26.Rxd4 Rxd4 27.Qxd4 b5 28.axb5 axb5 29.Nd2 Qxc2
30.Kh3 Qc8 31.Kg2 Bg7 32.Qd5 Qc6 33.Qf3 Qxf3+ 34.Nxf3 Rc6 35.Rd1
Rc2+ 36.Kh3 h6 37.Rd8+ Bf8 38.Rd5 Rc3 39.Nd4 Rd3 40.Rd8 Re3 41.Nxb5
Rxe5 42.Nc7 Rc5 43.Nd5 Kg7 44.Nf4 Rc3 45.Rd3 Rc2 46.g4 Bc5 47.Kg3
Bf2+ 48.Kf3 Ba7 49.h3 Bb8 1/2-1/2

[Event "SV Jedesheim 1 - SC Böblingen 1"]
[Site "Oberliga 2019/2020"]
[Date "2019.12.01"]
[Time "10:00:00"]
[Round "4"]
[White "Schuh, Karsten"]
[Black "Römer, Ulrich"]
[WhiteElo "2181"]
[BlackElo "2167"]
[WhiteTeam "SC Böblingen 1"]
[BlackTeam "SV Jedesheim 1"]
[Board "5"]
[Result "0-1"]

1.c4 Nf6 2.g3 g6 3.Bg2 Bg7 4.Nc3 d6 5.Nf3 e5 6.O-O a5 7.d3 O-O
8.a3 Re8 9.Nd2 c6 10.Rb1 Na6 {(=)} 11.b4 axb4 12.axb4 d5 13.c5
Be6 14.Na4 e4 15.Nb6 exd3 16.exd3 Ra7 17.Nf3 Bg4 18.h3 Bxf3 19.Bxf3
Nd7 20.Nxd7 Qxd7 21.Kg2 Nc7 22.Bf4 Nb5 23.Rc1 Nd4 24.Bg4 f5 25.Bf3
Ra2 26.Re1 Rxe1 27.Qxe1 Kf7 28.Qe3 Ne6 29.Bd6 Bd4 30.Qh6 Rxf2+
31.Kh1 Rxf3 32.Qxh7+ Ng7 33.Re1 Bf6 34.Qh8 g5 35.Bf8 Kg6 36.Bxg7
Bxg7 37.Qg8 Kf6 38.d4 f4 39.Qh7 Rxg3 40.Kh2 Re3 0-1

[Event "SV Jedesheim 1 - SC Böblingen 1"]
[Site "Oberliga 2019/2020"]
[Date "2019.12.01"]
[Time "10:00:00"]
[Round "4"]
[White "Hofer, Emilian"]
[Black "Bauer, Peter"]
[WhiteElo "2186"]
[BlackElo "2124"]
[WhiteTeam "SV Jedesheim 1"]
[BlackTeam "SC Böblingen 1"]
[Board "6"]
[Result "1-0"]

1.e4 e5 2.Nf3 Nc6 3.Bb5 a6 4.Ba4 Nf6 5.O-O Be7 6.Re1 b5 7.Bb3
O-O 8.a4 Bb7 9.d3 d6 10.Nc3 b4 11.Ne2 Na5 12.Ba2 c5 13.Ng3 Bc8
14.Nd2 Be6 15.Nc4 Nxc4 16.Bxc4 Qd7 17.Be3 d5 18.Ba2 d4 19.Bd2
Rab8 20.f4 Bd6 21.f5 Bxa2 22.Rxa2 b3 23.cxb3 Qb7 24.b4 cxb4 25.Bg5
b3 26.Ra1 Be7 27.Rc1 Rbc8 28.Qe2 h6 29.Bd2 Rc2 30.Rxc2 bxc2 31.Bc1
Qb3 32.a5 Bb4 33.Rf1 Rc8 34.Nh5 Nxh5 35.Qxh5 Qxd3 36.f6 g6 37.Qxh6
Bf8 38.Qh4 Qd1 39.Qh3 Bc5 40.Qxc8+ 1-0

[Event "SV Jedesheim 1 - SC Böblingen 1"]
[Site "Oberliga 2019/2020"]
[Date "2019.12.01"]
[Time "10:00:00"]
[Round "4"]
[White "Schröter, Samuel"]
[Black "Heinrici, Simon"]
[WhiteElo "2138"]
[BlackElo "2129"]
[WhiteTeam "SC Böblingen 1"]
[BlackTeam "SV Jedesheim 1"]
[Board "7"]
[Result "1-0"]

1.c4 e6 2.g3 d5 3.Bg2 Nf6 4.Nc3 c6 5.cxd5 exd5 6.d3 Be7 7.Nf3
O-O 8.O-O Bg4 9.Qc2 Re8 10.e4 dxe4 11.dxe4 Bb4 12.Re1 Nbd7 13.Bf4
Bxf3 14.Bxf3 Ne5 15.Be2 Ng6 16.Bg5 h6 17.Rad1 Qe7 18.Bd2 Rad8
19.f3 Rd7 20.a3 Bxc3 21.Bxc3 Qc5+ 22.Kg2 Red8 23.Rxd7 Rxd7 24.Rd1
Rxd1 25.Qxd1 Qe7 26.Qa4 a6 27.Qa5 Nh7 28.Bc4 Ngf8 29.Qf5 Qd7
30.Qe5 Nf6 31.Qb8 Ne8 32.f4 Ne6 33.Qe5 b5 34.Bb3 Qd6 35.Qh5 Qd3
36.Qe5 Qd6 37.Qf5 g6 38.Qg4 Kh7 39.f5 N6g7 40.Bxf7 gxf5 41.exf5
h5 42.Bxh5 Qd5+ 43.Kh3 1-0

[Event "SV Jedesheim 1 - SC Böblingen 1"]
[Site "Oberliga 2019/2020"]
[Date "2019.12.01"]
[Time "10:00:00"]
[Round "4"]
[White "Bossinger, Patrick"]
[Black "Frolik, Erhard"]
[WhiteElo "2029"]
[BlackElo "2197"]
[WhiteTeam "SV Jedesheim 1"]
[BlackTeam "SC Böblingen 1"]
[Board "8"]
[Result "1/2-1/2"]

1.e4 c5 2.Nf3 e6 3.c3 d5 4.exd5 Qxd5 5.Na3 Nf6 6.Bc4 Qd8 7.O-O
Nc6 8.Nc2 Be7 9.d4 O-O 10.dxc5 Bxc5 11.Be3 Qe7 12.Ncd4 Bd7 13.Nxc6
Bxc6 14.Bxc5 Qxc5 15.Qd4 Qxd4 16.Nxd4 Bd5 17.Bxd5 1/2-1/2

[Event "SK Schmiden/Cannstatt 1 - SV Nürtingen 1"]
[Site "Oberliga 2019/2020"]
[Date "2019.12.01"]
[Time "10:00:00"]
[Round "4"]
[White "Mehne, Claudius"]
[Black "Shishkin, Vadim"]
[WhiteElo "2179"]
[BlackElo "2470"]
[WhiteTeam "SV Nürtingen 1"]
[BlackTeam "SK Schmiden/Cannstatt 1"]
[Board "1"]
[Result "1/2-1/2"]

1.Nf3 d5 2.c4 e6 3.g3 Nf6 4.Bg2 d4 5.e3 c5 6.exd4 cxd4 7.O-O
Nc6 8.d3 Be7 9.Re1 O-O 10.Ne5 Nxe5 11.Rxe5 Qc7 12.Re1 e5 13.f4
Bd6 14.Na3 a6 15.fxe5 Bxe5 16.Qe2 Re8 17.Bg5 Ng4 18.Nc2 Bd7 19.Qf3
h5 20.Nb4 Qd6 21.Nd5 Bc6 22.Re2 Qg6 23.Bd2 h4 24.Rf1 hxg3 25.hxg3
f6 26.Re4 Ne3 27.Bxe3 Bxd5 28.cxd5 dxe3 29.Qxe3 Qxg3 30.Rf3 Qg5
31.Qxg5 fxg5 32.Bh3 Bf4 33.Be6+ 1/2-1/2